Consejos de prevención y actuación en caso de incendio en el hogar / Diputació de Barcelona ; Bombers de la Generalitat de Catalunya Diputació de Barcelona ; Bombers de la Generalitat de Catalunya
MARC
| LEADER | 00000nam a22000007a 4500 | ||
|---|---|---|---|
| 001 | 27522 | ||
| 003 | Arxiu | ||
| 005 | 20260324181156.0 | ||
| 008 | 230314b spa||||| |||| 00| 0 cat d | ||
| 017 | |a B 11340-2019 | ||
| 040 | |a agdb |b cat | ||
| 041 | |a spa | ||
| 110 | |9 55974 |a Barcelona (Catalunya : Província). |b Servei Local de Teleassistència | ||
| 245 | |a Consejos de prevención y actuación en caso de incendio en el hogar / |b Diputació de Barcelona ; Bombers de la Generalitat de Catalunya | ||
| 260 | |a Barcelona : |b Diputació de Barcelona : |b Generalitat de Catalunya ; |c 2019 | ||
| 300 | |a 1 tríptic ; |b il. col. ; |c 15 x 15 cm | ||
| 500 | |a També en català (R. 27521) | ||
| 650 | 0 | |a Incendis |x Prevenció |9 49592 | |
| 650 | 0 | |9 54711 |a Habitatges |x Incendis i prevenció d'incendis | |
| 710 | 1 | |a Barcelona (Catalunya : Província). |b Diputació |9 52408 | |
| 710 | |9 52624 |a Catalunya. |b Departament d'Interior | ||
| 942 | |2 udc |c ARXIU |n 1 | ||
| 952 | |0 0 |1 0 |2 udc |4 0 |6 FU74149 |7 1 |9 65613 |a Arxiu |b Arxiu |d 2023-03-14 |l 0 |o FU-74-149 |p 27522 |r 2023-03-14 00:00:00 |w 2023-03-14 |y ARXIU | ||
| 999 | |c 83193 |d 83193 | ||